000 00664nam a2200217Ia 4500
001 11288
003 GE_BSU
008 181216s||||||||xx |||||||||||||| ||und||
040 _cGE_BSU
080 _a630.2(075.8)
100 _aგულისაშვილი ვ.ზ.
245 _aზოგადი მეტყევეობა
245 _cრედ: ვ. მათიკაშვილი
260 _aთბილისი.
260 _bსას-სამ. ინ-ტის გამ-ბა
260 _c1957
300 _a460გვ.26სმ.
300 _eილ.
653 _aზოგადი მეტყევეობა
942 _cBK
999 _c44490
_d44490